000 00403nam a2200169Ia 4500
008 230711s9999||||xx |||||||||||||| ||und||
020 _a978-81-317-5952-3
041 _aENG
082 _a621.3
_bBH-L
100 _aBhattacharya.S.K
245 0 _aLinear control systems
250 _a1st Ed.
260 _c2011
_aNew Delhi
_bPearson
300 _a568
650 _aElectrical Engineering
942 _cBK
999 _c5637
_d5637